[Event "FIDE Chesscom Grand Swiss 2021"]
[Site "Riga"]
[Date "2021.11.04"]
[Round "8.18"]
[White "Artemiev, Vladislav"]
[Black "Niemann, Hans Moke"]
[Result "1/2-1/2"]
[WhiteElo "2699"]
[BlackElo "2638"]
[Annotator "TA"]
[PlyCount "101"]
[EventDate "2021.10.27"]
[EventType "swiss"]
[EventCountry "LAT"]
[Tiebreak "Cut1 Buchholz+Sonneborn-Berger (Swiss)"]
[SourceTitle "playchess.com"]
[Source "ChessBase"]
[SourceQuality "1"]

{[%evp 25,101,13,23,0,0,0,0,0,0,-8,-2,-7,-5,-8,-6,-8,-6,-8,-4,0,-6,-7,0,0,0,0,
0,-2,0,-7,0,0,0,0,0,0,0,0,0,0,0,0,0,0,0,-3,0,0,0,0,0,0,9,9,17,0,0,0,0,0,8,0,0,
0,0,0,0,0,0,0,0,0,0,0,0,0,0,0]} 1. d4 d5 2. c4 c6 3. Nf3 Nf6 4. Nc3 e6 5. e3
Nbd7 6. Bd3 dxc4 7. Bxc4 b5 8. Bd3 b4 9. Ne4 Bb7 10. Nxf6+ Nxf6 11. O-O Be7 12.
e4 O-O 13. e5 Nd7 14. Qc2 {has lost popularity (14.Be4). D47: Semi-Slav: Meran
System.} h6 {The position is equal.} 15. Bh7+ Kh8 16. Be4 Qc7 17. Be3 c5 {[#]}
18. Rac1 $146 {[%cal Rd4c5]} ({Predecessor:} 18. Rfc1 Rac8 19. b3 Qb6 20. Bxb7
Qxb7 21. Qe2 cxd4 22. Bxd4 Bc5 23. Rc4 Qb5 24. Kf1 {1/2-1/2 (30) Zeitlein,M 
(2465)-Klebel,M (2335) Budapest 1990}) 18... Rac8 19. b3 Qb6 {[#] White must
now prevent ...cxd4.} 20. Bxb7 Qxb7 21. Qe2 Rfd8 22. h3 cxd4 23. Bxd4 Nb6 24.
Bxb6 axb6 25. Rxc8 Rxc8 26. Rd1 Rc3 27. Qb5 Rc8 28. Qd7 Qc7 29. Qxc7 Rxc7 $11 {
[%mdl 4096] Endgame KRB-KRN} 30. Kf1 Kh7 31. Ke2 Kg6 32. g4 h5 33. Rd4 Rc2+ 34.
Rd2 Rc7 35. Rd4 hxg4 36. hxg4 Ra7 37. Rd2 Ra5 38. Ke3 Ra8 39. Ke4 Bc5 40. Ne1
Kg5 41. f3 f5+ 42. exf6 $1 gxf6 43. Rg2 e5 44. f4+ exf4 {[#] Hoping for ...
Re8+.} 45. Nf3+ Kg6 {aiming for ...Re8+.} 46. Kxf4 Re8 {Threatens to win with .
..Bd6+.} 47. Nh4+ Kf7 48. Nf5 Re1 49. Rd2 Rf1+ 50. Kg3 Rg1+ 51. Kf4 {An
uneventful encounter.  Weighted Error Value: White=0.02/Black=0.01} 1/2-1/2

[Event "FIDE Chesscom Grand Swiss 2021"]
[Site "Riga"]
[Date "2021.11.04"]
[Round "8.19"]
[White "Eljanov, Pavel"]
[Black "Hovhannisyan, Robert"]
[Result "1-0"]
[WhiteElo "2691"]
[BlackElo "2622"]
[Annotator "TA"]
[PlyCount "67"]
[EventDate "2021.10.27"]
[EventType "swiss"]
[EventCountry "LAT"]
[Tiebreak "Cut1 Buchholz+Sonneborn-Berger (Swiss)"]
[SourceTitle "playchess.com"]
[Source "ChessBase"]
[SourceQuality "1"]

{[%evp 10,67,10,14,32,16,24,13,17,9,20,23,23,29,39,35,20,0,-8,-13,-20,-53,-37,
-26,14,12,13,8,72,21,40,40,83,86,122,100,153,133,241,232,284,258,282,258,412,
397,534,509,614,642,633,639,1175,1179,1016,379,1053,1220,1128,1093]} 1. e4 e5
2. Nf3 Nc6 3. Bc4 Bc5 4. d3 Nf6 5. O-O d6 6. c3 a5 {C54: Giuoco Piano: 4 c3
Nf6, main lines with 5 d4 and 5 d3.} 7. Re1 Ba7 8. h3 O-O {The position is
equal.} 9. Na3 {[#]} Be6 $146 ({Predecessor:} 9... h6 10. Nb5 Bb6 11. Be3 Bxe3
12. Rxe3 Re8 13. d4 exd4 14. cxd4 Rxe4 15. Rxe4 Nxe4 {0-1 (59) Nepomniachtchi,
I (2784)-Grischuk,A (2777) chess24.com INT 2020}) 10. Bg5 h6 11. Bh4 g5 12. Bg3
Nh5 13. Kh2 Qf6 14. Nb5 Bb6 15. b3 Rad8 16. d4 {Black should prevent d5.} Bc8 {
[#]} (16... Nxg3 {with more complications.} 17. fxg3 Bd7 18. Rf1 Qg7 19. dxe5
g4) 17. Nxe5 $1 Nxg3 18. Nxf7 Rxf7 (18... Nf1+ $1 $11 19. Rxf1 Rxf7) 19. Bxf7+
(19. fxg3 $16 {And now Rf1 would win.} Qg6 20. Na3 (20. Bxf7+ Kxf7 21. Na3 Kg7
$14)) 19... Qxf7 $11 20. fxg3 Rf8 21. Na3 Ba7 22. Nc4 Ne7 (22... Qe8 $142) 23.
Qd3 a4 (23... d5 $16) 24. Rf1 $18 ({Less strong is} 24. bxa4 Be6 $16) 24... Qg7
25. Rxf8+ (25. bxa4 $6 Rd8 $16) 25... Qxf8 26. Rf1 ({But not} 26. bxa4 Be6 $16)
26... Qg7 (26... Qe8 {was worth a try.} 27. e5 d5) 27. e5 dxe5 28. Nxe5 Be6 29.
Qb5 {[%mdl 64] [#] Double Attack} axb3 30. axb3 Bb6 31. Qe8+ Kh7 32. Ng4 $2 (
32. Nf7) 32... Bg8 $2 (32... Bf5 33. Ne5 Qf6) 33. Nf6+ Kh8 34. Nxg8 {Weighted
Error Value: White=0.32/Black=0.41} 1-0

[Event "FIDE Chesscom Grand Swiss 2021"]
[Site "Riga"]
[Date "2021.11.04"]
[Round "8.20"]
[White "Ter-Sahakyan, Samvel"]
[Black "Wojtaszek, Radoslaw"]
[Result "1/2-1/2"]
[WhiteElo "2607"]
[BlackElo "2691"]
[Annotator "TA"]
[PlyCount "60"]
[EventDate "2021.10.27"]
[EventType "swiss"]
[EventCountry "LAT"]
[Tiebreak "Cut1 Buchholz+Sonneborn-Berger (Swiss)"]
[SourceTitle "playchess.com"]
[Source "ChessBase"]
[SourceQuality "1"]

{[%evp 25,60,19,22,12,16,13,13,19,18,17,16,0,0,0,0,0,0,-7,0,0,0,0,0,0,0,0,0,0,
0,-6,0,0,0,-11,0,0,0]} 1. e4 e5 2. Nf3 Nc6 3. Bb5 a6 4. Ba4 Nf6 5. O-O Be7 6.
Re1 b5 7. Bb3 O-O 8. a4 Bb7 9. d3 d6 10. Nbd2 Nd7 11. c3 Nc5 12. axb5 axb5 13.
Rxa8 Qxa8 {The position is equal. 13...Qxa8 scores better than 13...Bxa8.} 14.
Bc2 {C88: Closed Ruy Lopez: Anti-Marshall Systems.} b4 15. d4 bxc3 16. bxc3 Nd7
17. Nf1 {[%cal Bd2f1,Bf1e3,Be3g4][%mdl 32]} Qa1 {[#]} 18. Qd2 $146 ({
Predecessor:} 18. Ne3 Qxc3 19. Nd5 Qa1 20. Re3 Qa7 21. Ba4 Bd8 22. Ra3 Qa6 23.
Bc2 Na5 24. Bd2 {1-0 (35) Svidler,P (2714)-Swiercz,D (2655) Saint Louis 2021})
18... Bf6 19. Rd1 Qa2 20. Ne3 Na5 21. Ng4 (21. Qd3 {feels hotter.} Ra8 22. Re1
Bc6 23. Ng4 Nc4 24. Bb1) 21... Nb3 22. Bxb3 Qxb3 23. dxe5 Bxe5 24. Ngxe5 Nxe5
25. Nxe5 dxe5 26. f3 Bc6 27. Qe1 Ra8 28. Be3 f6 29. h4 h5 30. Rb1 Qc2 {Not
much happened in this game.  Weighted Error Value: White=0.02/Black=0.02}
1/2-1/2

[Event "FIDE Chesscom Grand Swiss 2021"]
[Site "Riga"]
[Date "2021.11.04"]
[Round "8.21"]
[White "Kuzubov, Yuriy"]
[Black "Demchenko, Anton"]
[Result "1/2-1/2"]
[WhiteElo "2624"]
[BlackElo "2651"]
[Annotator "TA"]
[PlyCount "138"]
[EventDate "2021.10.27"]
[EventType "swiss"]
[EventCountry "LAT"]
[Tiebreak "Cut1 Buchholz+Sonneborn-Berger (Swiss)"]
[SourceTitle "playchess.com"]
[Source "ChessBase"]
[SourceQuality "1"]

{[%evp 23,138,0,0,0,0,-11,-14,-20,0,0,6,0,0,0,0,-9,-12,-6,0,-8,5,-13,6,0,6,-8,
-17,-27,-25,-40,-39,-53,-27,-60,-58,-57,-47,-70,-54,-50,-58,-58,-47,-37,0,-43,
-44,-136,-77,-83,-29,-35,-30,-27,0,0,0,0,0,0,0,0,0,0,4,0,2,0,0,0,0,0,0,0,0,0,0,
0,0,0,0,0,0,0,0,0,0,0,8,8,8,-8,-8,-8,-8,-8,-8,-8,-8,-8,-8,-8,-8,-8,-8,-8,-8,-8,
0,0,0,0,0,0,0,0,0]} 1. d4 Nf6 2. Nf3 g6 3. g3 Bg7 4. Bg2 O-O 5. O-O d6 6. Re1
Nbd7 7. e4 e5 8. Nc3 Re8 9. a4 c6 10. h3 Qc7 11. Be3 b6 12. Qd2 a6 13. Bh6 {
B07: Pirc Defence: Miscellaneous Systems.} Bb7 14. Bxg7 Kxg7 15. Nh4 b5 {[#]}
16. Ne2 $146 ({Predecessor:} 16. Rad1 b4 17. Nb1 c5 18. dxe5 dxe5 19. Qg5 Kh8
20. Nd2 Bc6 21. b3 Ng8 22. Nc4 {0-1 (44) Pira,D (2354)-Daghli,A (2261) Hamedan
2017}) 16... Rad8 17. axb5 cxb5 18. d5 Rc8 19. c3 Nc5 20. Qe3 Nfd7 21. Nc1 Qb6
22. Qg5 Kh8 23. Nf3 Kg7 24. Nh4 b4 25. cxb4 Qxb4 {[%mdl 64] Double Attack} 26.
Re2 Kh8 27. Qh6 a5 28. Nf3 {Ng5! is the strong threat.} Kg8 (28... Nxe4 $2 29.
Nd3 $18) 29. Qd2 Ra8 30. Re1 Qb6 31. b3 Nf6 32. Nh2 Qb4 33. Nf1 Qd4 34. Qxd4 (
34. Ne2 {seems wilder.} Qd3 35. Qxd3 Nxd3 36. Reb1 Ba6 37. Rxa5 Nc5 38. Rb2)
34... exd4 35. Nd2 {[#]} (35. Rd1 $1 $15) 35... Bxd5 $1 {[%mdl 512]} 36. Ne2
$17 {[#]} Ncxe4 ({Black should play} 36... d3 $1 $17 37. Nf4 Bb7) 37. Nxe4 $11
Bxe4 38. Nxd4 d5 39. f3 {The position is equal.} Bd3 40. Rxe8+ Nxe8 41. Nc6 Kf8
42. Rxa5 Rxa5 43. Nxa5 {[%mdl 4096] Endgame KBN-KBN} Ke7 44. Kf2 Kd6 45. b4 d4
46. f4 Nc7 47. Nb7+ Ke7 48. Nc5 Bc4 49. Bf3 Kd6 50. Nb7+ Kd7 51. Na5 Bd5 52.
Be2 Be6 53. h4 Nd5 54. b5 {[%cal Bb4b5,Bb5b6][%mdl 32]} Nc3 55. Bd3 Kd6 56. b6
Bd5 57. Bc4 Bxc4 58. Nxc4+ {KN-KN} Kc6 59. g4 Nd5 60. Kf3 Nxb6 61. Ne5+ $1 Kd5
62. Nxf7 Nc4 {Hoping for ...d3.} 63. Ke2 Ne3 (63... Ke4 $5 64. Ng5+ $8 Kxf4 65.
Nxh7 Ne5 $11) 64. h5 Ng2 65. Kf3 d3 66. hxg6 {aiming for g7.} ({Avoid the trap
} 66. Kxg2 $2 d2 $19) 66... hxg6 (66... d2 $5 67. Ke2 $8 Nxf4+ 68. Kd1 Nxg6 $11
) 67. Ng5 d2 68. Ke2 Nxf4+ 69. Kxd2 Kd4 {Weighted Error Value: White=0.06/
Black=0.07} 1/2-1/2

[Event "FIDE Chesscom Grand Swiss 2021"]
[Site "Riga"]
[Date "2021.11.04"]
[Round "8.22"]
[White "Aronian, Levon"]
[Black "Yilmaz, Mustafa"]
[Result "1/2-1/2"]
[WhiteElo "2782"]
[BlackElo "2626"]
[Annotator "TA"]
[PlyCount "80"]
[EventDate "2021.10.27"]
[EventType "swiss"]
[EventCountry "LAT"]
[Tiebreak "Cut1 Buchholz+Sonneborn-Berger (Swiss)"]
[SourceTitle "playchess.com"]
[Source "ChessBase"]
[SourceQuality "1"]

{[%evp 15,80,8,35,31,34,34,31,17,34,22,18,21,25,39,54,0,-4,0,15,25,35,33,108,
79,136,51,125,102,94,97,212,-50,-35,-19,-42,-29,-47,-123,-123,-123,-123,-123,
-123,-129,-123,-192,-192,-202,-170,-170,-162,-159,0,-143,-142,-161,-64,-139,
-95,-95,-114,-178,0,-52,0,-182,0]} 1. e4 c5 2. Nf3 d6 3. d4 cxd4 4. Nxd4 Nf6 5.
Nc3 a6 6. f3 e5 7. Nb3 Be6 8. Be3 h5 (8... Nbd7 {is interesting.} 9. g4 h6 10.
Qd2 b5 11. a3 Nb6) 9. Nd5 {B90: Sicilian Najdorf: Unusual White 6th moves, 6
Be3 Ng4 and 6 Be3 e5.} Bxd5 10. exd5 Nbd7 {[%cal Bb8d7,Bd7b6,Bb6d5][%mdl 32]}
11. Qd2 {White is slightly better.} g6 12. O-O-O Nb6 13. Kb1 Nbxd5 14. Bg5 {
Black must now prevent Qxd5!} Be7 $1 15. Bd3 ({White should try} 15. Bc4 $14)
15... Qc7 $11 16. Rhe1 Nb6 17. Qf2 {[#]} Rc8 $146 ({Predecessor:} 17... Ne4 18.
Rxe4 Bxg5 19. f4 Bf6 20. f5 g5 21. Rb4 Nd5 22. Rc4 Qb6 23. Qxb6 Nxb6 {1-0 (47)
Giri,A (3016)-Clarke,B (2718) Chess.com INT 2020}) 18. f4 Nfd7 (18... Nfd5 $14)
19. h4 f5 ({Better is} 19... Nf6) 20. fxe5 (20. Bxe7 $1 $16 {fxe5 is the
strong threat.} Kxe7 21. Nd4) 20... Nxe5 ({Black should play} 20... dxe5 $14
21. Bxf5 O-O 22. Be6+ (22. Bxe7 Rxf5 23. Qe2 Rf7 $14) 22... Kg7) 21. Bxe7 Kxe7
22. Nd4 Qc5 23. Qg3 $2 Qxd4 $15 24. Bxf5 $1 {[#]} Qxd1+ 25. Rxd1 gxf5 26. Qf2 (
26. Qg7+ $15 Ke6 27. Qxb7) 26... Nbd7 $1 $17 27. Qxf5 Rcg8 28. Qe4 {[#]} b6 29.
b3 a5 30. a4 (30. Rg1 $17 {might work better.}) 30... Rg4 $19 31. Qe2 Rhg8 32.
g3 {[#]} Rf8 $1 ({Don't take} 32... Rxg3 33. Qxh5 Nf6 34. Qe2 $17) 33. Rd3 Rfg8
$2 (33... Rf5 $17 34. Re3 Ke6) 34. Kb2 (34. Rd1 $1 $11 {was the only way to
keep the balance.}) 34... Nf6 $17 35. Rc3 Nd5 ({Don't play} 35... Rxg3 36. Rxg3
Rxg3 37. Qf2 $17) (35... Ke6 $19 36. Qe1 Re4) 36. Rf3 (36. Rd3 $1 $15 Nf6 37.
Re3) 36... Ke6 37. Rf1 Nb4 38. Kb1 (38. Rf2 $17) 38... Nd5 (38... Rc8 $19 39.
Rc1 Rc5) 39. Kb2 $15 Nb4 (39... Nf6 $15 40. Qf2 Nfd7 41. Qf5+ Ke7) 40. Kb1 $1
$19 Nd5 $2 {Weighted Error Value: White=0.33/Black=0.26} (40... Rc8 $19 41. Rc1
Rc3) 1/2-1/2

[Event "FIDE Chesscom Grand Swiss 2021"]
[Site "Riga"]
[Date "2021.11.04"]
[Round "8.23"]
[White "Onyshchuk, Volodymyr"]
[Black "Xiong, Jeffery"]
[Result "0-1"]
[WhiteElo "2622"]
[BlackElo "2700"]
[Annotator "TA"]
[PlyCount "82"]
[EventDate "2021.10.27"]
[EventType "swiss"]
[EventCountry "LAT"]
[Tiebreak "Cut1 Buchholz+Sonneborn-Berger (Swiss)"]
[SourceTitle "playchess.com"]
[Source "ChessBase"]
[SourceQuality "1"]

{[%evp 16,82,13,0,0,0,0,0,4,-20,-18,-39,-39,-45,-42,-45,-24,-15,-16,-12,-13,
-38,-50,-158,-146,-147,-149,-157,-127,-137,-104,-137,-159,-157,-100,-173,-77,
-74,-69,-143,-141,-140,-153,-136,-128,-143,-136,-158,-147,-164,-145,-141,-147,
-216,-215,-208,-208,-325,-208,-264,-256,-470,-452,-662,-644,-2378,-2299,-4982,
-4978]} 1. e4 c5 2. Nf3 d6 3. Bb5+ Bd7 4. Bxd7+ Nxd7 5. c4 Ngf6 6. Nc3 g6 7.
O-O Bg7 8. d4 cxd4 9. Nxd4 Qa5 $5 {[%mdl 4] Exploring less charted territory.
B52: Sicilian: Moscow Variation with 3...Bd7.} 10. Qe2 Rc8 11. Be3 Nb6 {
[%cal Bd7b6,Bb6a4,Ba4b2,Bb2d3][%mdl 32] [#] The position is equal.} 12. Nb3
$146 ({Predecessor:} 12. Rac1 O-O 13. b3 Nbd7 14. f3 a6 15. Qd2 Rfe8 16. Rfd1
e6 17. Rc2 h5 18. Bf2 {1/2-1/2 (61) Piorun,K (2631)-Artemiev,V (2736) Skopje
2019}) 12... Qb4 13. e5 dxe5 14. c5 $1 {[%cal Rc5b6]} Na4 15. Nb5 a6 16. Na7
Ra8 17. c6 {Hoping for c7.} bxc6 18. Qxa6 O-O $36 {[%mdl 2048] Black fights
for an advantage.} 19. Qxc6 ({White should try} 19. Nxc6 $15 Rxa6 20. Nxb4)
19... Nxb2 $17 20. Rab1 {[#]} Ng4 $1 21. Bc5 (21. Qc5 Qa4) 21... Qf4 {[%csl
Gg4][%cal Rf4h2]} 22. g3 Qh6 {[%csl Gg4][%cal Rh6h2]} 23. h4 Nd3 24. Bb6 Qh5 (
24... Kh8 $142 $1 {Strongly threatening ...f5.} 25. Rbd1 Ngxf2 $1 26. Rxf2 Nxf2
27. Bxf2 f5) 25. Qe4 {[#]} (25. Qf3 $17 Qf5 26. Qxf5 gxf5 27. Nc5 Ndxf2 28. Nd7
) 25... Qf5 (25... Ndxf2 $1 $19 {[%mdl 512]} 26. Rxf2 Nxf2 27. Bxf2 f5 28. Qd5+
Kh8) 26. Qxf5 gxf5 27. a4 {[#]} (27. Nc5 $1 $15 Ndxf2 28. Nd7) 27... e4 $1 28.
a5 Nge5 29. Nd4 e6 30. Rfd1 Bf6 31. Ndc6 Nxc6 32. Nxc6 Rfc8 33. Nb4 {[#]} Ne5
34. Rdc1 (34. a6 $17) 34... Nc4 $19 35. Rc2 Kf8 36. Kf1 (36. Kg2 {might work
better.}) 36... Be7 37. Ra2 Ke8 38. Ke2 $2 (38. Kg2) 38... Rcb8 {Black is
clearly winning.} 39. Nc6 {[#]} (39. Rab2 $142 Nxb2 40. Rxb2) 39... Rxb6 $1 {
[%mdl 512]} 40. axb6 (40. Rxb6 Nxb6) 40... Rxa2+ 41. Ke1 Bc5 {[%mdl 64] Double
Attack.  Weighted Error Value: White=0.61/Black=0.09} 0-1

[Event "FIDE Chesscom Grand Swiss 2021"]
[Site "Riga"]
[Date "2021.11.04"]
[Round "8.24"]
[White "Zhou, Jianchao"]
[Black "Cori, Jorge"]
[Result "0-1"]
[WhiteElo "2629"]
[BlackElo "2655"]
[Annotator "TA"]
[PlyCount "96"]
[EventDate "2021.10.27"]
[EventType "swiss"]
[EventCountry "LAT"]
[Tiebreak "Cut1 Buchholz+Sonneborn-Berger (Swiss)"]
[SourceTitle "playchess.com"]
[Source "ChessBase"]
[SourceQuality "1"]

{[%evp 9,96,-14,-17,-29,-13,-53,0,18,0,-19,-18,-11,-30,-28,-11,-56,-71,-57,-63,
-55,-55,-65,-34,-43,-29,-75,-25,-14,0,-18,-9,-62,-48,-52,-62,-55,-47,-111,-122,
-148,-77,-82,-5,-106,-109,-104,-110,-120,-67,-50,0,-67,3,0,0,3,0,0,18,0,0,-2,
-2,-95,-39,-120,0,-135,-129,-135,-132,-311,-313,-308,-297,-391,-203,-202,-142,
-337,-336,-353,-328,-499,-360,-367,-360,-353,-353]} 1. d4 d5 2. c4 c6 3. Nf3
Nf6 4. Nc3 dxc4 5. e4 b5 $1 6. Be2 {D15: Slav Defence: 4 Nc3 a6 and gambit
lines after 4 Nc3 dxc4.} e6 7. a4 Bb7 (7... b4 $1 $15 8. Nb1 Nxe4) 8. axb5 $11
{The position is equal.} cxb5 9. e5 {[#]} Ne4 $146 ({Predecessor:} 9... Nd5 10.
Nxb5 Nb6 11. O-O Nc6 12. Na3 Bxa3 13. Rxa3 O-O 14. h4 Qd5 15. h5 Rfd8 {0-1 (57)
Van Foreest,J (2632)-Ernst,S (2553) Amstelveen 2019}) 10. Nxb5 Bb4+ 11. Kf1 Bd5
12. Na3 Bxa3 13. Rxa3 O-O 14. h4 Nc6 15. Kg1 f6 16. exf6 Qxf6 17. Be3 Qe7 18.
Ng5 Nf6 19. h5 h6 20. Nh3 (20. Nf3 $11) 20... Qb4 21. Ra4 Qxb2 22. Bxc4 Nb4 23.
Bd2 a5 $17 24. Bxd5 Nfxd5 (24... exd5 $142 25. Bc1 Qb1) 25. Kh2 Nc6 (25... Kh8
$17 26. Bc1 Qc3) 26. Qc1 (26. Re1 $11) 26... Qb8+ 27. g3 Qe8 28. Qd1 Ncb4 (
28... Nb6 $17 29. Ra3 Nc4) 29. Ra3 $15 Nc6 30. Re1 ({White should play} 30. Ra4
$1 $11) 30... Rf5 (30... Nxd4 $2 31. Rd3 $18) (30... Qd7 $15) 31. g4 $1 $11 {
[%cal Rg4f5]} Rf7 32. g5 hxg5 33. Bxg5 Rb8 34. Rg3 Rb4 35. Rg4 Qb8+ 36. Kg2 (
36. Kg1 $11 {keeps the balance.}) 36... Qb7 ({Black should try} 36... Qd6 $17 {
Strongly threatening ...e5.} 37. Rg3 Nxd4) 37. Kg1 ({Much weaker is} 37. Rxe6
Nc7 $17) ({White must play} 37. Kh2 $1 $15) 37... a4 (37... Nc3 $1 $17 {
[%cal Rc3d1]} 38. Qd3 Ne5 $1 39. Rxe5 Rb1+ 40. Kh2 Rh1+ 41. Kg3 Rf3+ $3 {
[%mdl 512]} 42. Qxf3 Rxh3+ $1 {[%mdl 576] Deflection} 43. Kxh3 Qxf3+ 44. Rg3
Qh1+ 45. Kg4 Ne4 {[%mdl 64] Double Attack}) 38. Bc1 (38. h6 $1 $11 {was the
only way to keep the balance.}) 38... Nf6 $1 $36 {[%csl LRg4,LRh5][%mdl 2112]
Double Attack. Black is in control.} 39. Rf4 {[#] next Ng5 is good for White.}
Rd7 $1 {...e5! is the strong threat.} 40. Qf3 $2 (40. Ng5 $17 Rdxd4 41. Qe2)
40... Nxd4 $19 41. Qxb7 Rbxb7 ({Don't do} 41... Rdxb7 42. Ng5 $19) 42. h6 Rb3 (
42... Rb1 $142 {Threatens to win with ...a3.} 43. Kh1 a3 44. Rxf6 gxf6 45. Rg1+
Kh7 46. Bxa3 Rxg1+ 47. Kxg1 Kxh6) 43. Kg2 a3 44. Bxa3 {Now White is beyond
hope.} (44. Re5 $17 {is the only way for White.}) 44... Rxa3 45. Ng5 Ra6 ({
Much less strong is} 45... gxh6 46. Nxe6 Nxe6 47. Rxf6 $19) 46. Kh1 (46. Re5 {
is a better defense.}) 46... Nh7 47. Nxh7 Kxh7 48. hxg7 {intending Rg1.} Nf5 {
Weighted Error Value: White=0.36/Black=0.28} 0-1

[Event "FIDE Chesscom Grand Swiss 2021"]
[Site "Riga"]
[Date "2021.11.04"]
[Round "8.25"]
[White "Brkic, Ante"]
[Black "Donchenko, Alexander"]
[Result "1/2-1/2"]
[WhiteElo "2621"]
[BlackElo "2648"]
[Annotator "TA"]
[PlyCount "120"]
[EventDate "2021.10.27"]
[EventType "swiss"]
[EventCountry "LAT"]
[Tiebreak "Cut1 Buchholz+Sonneborn-Berger (Swiss)"]
[SourceTitle "playchess.com"]
[Source "ChessBase"]
[SourceQuality "1"]

{[%evp 10,120,28,0,23,5,10,-20,-10,-33,-32,-55,-30,-35,-37,-43,-43,-58,-50,-47,
-61,-52,-44,-103,-78,-143,-147,-135,-26,-43,-32,-34,-27,-27,-28,-39,-37,-32,
-33,-43,-45,-43,-33,-49,-42,-62,-36,-88,-95,-101,-98,-89,-100,-83,-50,-50,-51,
-44,0,-31,0,0,0,-96,-72,-63,0,0,0,0,0,0,107,107,120,-12,0,0,136,132,176,118,
400,400,385,378,616,564,497,89,191,0,0,0,0,0,0,0,0,0,0,0,0,0,0,0,0,0,0,0,0,0,0]
} 1. e4 c6 2. Nc3 d5 3. Nf3 Bg4 4. h3 Bxf3 5. Qxf3 e6 6. g3 Nd7 {B11:
Caro-Kann: Two Knights Variation.} 7. Bg2 d4 8. Nb1 h5 9. d3 h4 {[#]} 10. Nd2
$146 ({Predecessor:} 10. O-O Bd6 11. c3 Ne5 12. Qe2 Bc5 13. g4 dxc3 14. Rd1
cxb2 15. Bxb2 Bd4 16. Na3 {1-0 (36) Asadli,V (2574)-Can,I (2398) Belgrade 2021}
) 10... Ne7 (10... Ne5 $5 {[%cal Re5f3]} 11. Qe2 hxg3 $11) 11. Nb3 Qb6 12. c3
c5 13. Qe2 Ng6 14. cxd4 cxd4 15. O-O Be7 16. Bd2 (16. g4 $15) 16... a5 $17 {
[%cal Ba7a5,Ba5a4][%mdl 32]} 17. Rac1 ({Better is} 17. Rab1) 17... a4 18. Na1
e5 (18... hxg3 $17 19. fxg3 Qxb2) 19. Rc2 O-O 20. b4 axb3 (20... Bxb4 $2 21.
Rb2 $18) 21. Nxb3 Rfc8 22. Rfc1 Rxc2 23. Rxc2 Bb4 24. Bxb4 Qxb4 25. Bf3 Qd6 26.
Bg4 Nf6 27. Nd2 b5 28. Nb3 (28. Qd1 $15) 28... Ne7 29. Rc5 hxg3 30. fxg3 Nxg4
31. hxg4 b4 32. Rc2 Qh6 33. Kg2 Qg5 34. Nd2 Ng6 35. Qf3 Ra3 36. Nb3 (36. Nb1
$11 {remains equal.} Ra7 37. Nd2) 36... Nf8 37. Qf5 Qe3 ({Black should play} 
37... Qe7 $15) 38. Qxe5 $11 Qxd3 39. Rf2 ({Avoid the trap} 39. Nxd4 $2 b3 $19)
39... Ne6 40. g5 {Hoping for g6!} Qa6 (40... g6 $11) 41. Qf5 $1 $16 {[%cal
Rf5f7]} Kh8 (41... Rxa2 $2 42. Qxf7+ Kh8 43. Qh5+ Kg8 44. Nd2 $18) 42. Qh3+ Kg8
43. Qf5 Kh8 $1 ({But not} 43... Rxa2 $2 44. Qxf7+ Kh8 45. Qe8+ Kh7 46. Qh5+ Kg8
47. Nd2 $18) 44. Qxf7 Nxg5 45. Qf5 (45. Qe8+ $18 Kh7 46. Kh1 Rxa2 47. Rf4 Ra1+
48. Nxa1 Qxa1+ 49. Kg2 Qa2+ 50. Rf2) 45... Nh7 $2 {[%mdl 8192]} (45... Qh6 $16)
46. Kg1 $1 $18 {Strongly threatening Rh2!} Nf6 47. e5 Ng8 (47... Rxa2 48. Rxa2
Qxa2 49. exf6 gxf6 50. Qxf6+ {[%mdl 64] Double Attack} Kh7 51. Qf7+ Kh6 52.
Qf4+ Kh7 53. Qf7+ Kh6 54. Qf6+ Kh7 55. Qf7+) 48. e6 {Intending Qh5+ and mate.}
Qd6 {[#]} 49. Qg4 (49. Rh2+ $1 $18 Nh6 50. Qg6) 49... Nh6 {[#]} (49... d3 $16)
50. Qg6 $2 ({Not} 50. Qxd4 Qxg3+ 51. Rg2 Qe1+ 52. Kh2 Nf5 $11) (50. Qe4 $1 $18
{e7 would kill now.} Ra7 51. Kg2 (51. Nxd4 Qxg3+ 52. Rg2 Qc3 $16)) 50... Ra6
$11 {The position is equal.} 51. Kh2 {Qe8+ is the strong threat.} (51. Qg5 {
seems wilder.} Qxe6 52. Nc5 Qg6 53. Qd8+ Kh7 54. Nxa6 Qxg3+ 55. Rg2) 51... Qxe6
52. Rf8+ Ng8 53. Qxe6 Rxe6 54. Nxd4 {[%mdl 4096] Endgame KRN-KRN} Rd6 55. Nb3
Ra6 56. Rb8 Rxa2+ 57. Kh3 Rb2 58. Rxb4 Nf6 59. Rb5 g5 60. Nd4 Rxb5 {Quite a
comeback for White.  Weighted Error Value: White=0.25/Black=0.27} 1/2-1/2